LA FRONTERA MEXICO-ESTADOS UNIDOS
Αποθηκεύτηκε σε:
| Κύριος συγγραφέας: | |
|---|---|
| Μορφή: | Βιβλίο |
| Ετικέτες: |
Δεν υπάρχουν, Καταχωρήστε ετικέτα πρώτοι!
|
MARC
| LEADER | 00000nam^a2200000^a^4500 | ||
|---|---|---|---|
| 001 | 000202454 | ||
| 005 | 20250521000000.0 | ||
| 009 | 20260310102942.836 | ||
| 035 | |a 030069 | ||
| 037 | |a Acervo Xavier Clavigero | ||
| 082 | |a 333. 2 |b FER | ||
| 100 | |a Fernández, Raúl A. |e (autor) | ||
| 245 | 1 | 3 | |a LA FRONTERA MEXICO-ESTADOS UNIDOS |
| 264 | |a MEXICO : |b TERRA NOVA, |c 1977 | ||
| 300 | |a 177 p. : |b tbs., maps. | ||
| 336 | |a texto |b txt |2 rdacontenido | ||
| 337 | |a sin mediación |b n |2 rdamedio | ||
| 338 | |a volumen |b nc |2 rdasoporte | ||
| 649 | |a XX | ||
| 910 | |a Fondo General | ||
| 920 | |a Impresos - Libros | ||
| 930 | |a Colección General | ||
| 905 | |a 101 | ||
| 901 | |a 030069 |b IT1 |c ACC |i 030069 |u 20250521 | ||
| 902 | |a https://opac.biblio.iteso.mx/vufind/Record/000202454 | ||